Open borders : encounters between Italian philosophy and continental thought /

Puts leading Italian thinkers into conversation with established Continental philosophers concerning the future of the nature of the human, technology, metaphysical foundations, globalization and social and political oppression.

Bibliographic Details
Other Authors: Benso, Silvia (Editor), Calcagno, Antonio, 1969- (Editor)
Format: Book
Language:English
Published: Albany : State University of New York Press, [2021]
Series:SUNY series in contemporary Italian philosophy.
Subjects:

MARC

Tag First Indicator Second Indicator Subfields
LEADER 00000cam a2200000 i 4500
001 in00004443621
005 20210728154222.0
008 200427t20212021nyu b 001 0 eng
010 |a  2020019391 
020 |a 9781438482194  |q hardcover 
020 |a 1438482191  |q hardcover 
020 |z 9781438482217  |q electronic book 
035 |a (OCoLC)on1153340124 
040 |a DLC  |e rda  |c DLC  |d UtOrBLW 
049 |a TXAM 
050 0 0 |a B3551  |b .O64 2021 
082 0 0 |a 195  |2 23 
245 0 0 |a Open borders :  |b encounters between Italian philosophy and continental thought /  |c edited by Silvia Benso and Antonio Calcagno. 
264 1 |a Albany :  |b State University of New York Press,  |c [2021] 
264 4 |c ©2021 
300 |a ix, 375 pages ;  |c 24 cm. 
336 |a text  |b txt  |2 rdacontent 
337 |a unmediated  |b n  |2 rdamedia 
338 |a volume  |b nc  |2 rdacarrier 
490 1 |a SUNY series in contemporary Italian philosophy 
504 |a Includes bibliographical references and index. 
520 |a Puts leading Italian thinkers into conversation with established Continental philosophers concerning the future of the nature of the human, technology, metaphysical foundations, globalization and social and political oppression. 
650 0 |a Philosophy, Italian.  |0 http://id.loc.gov/authorities/subjects/sh85100937 
650 0 |a Continental philosophy.  |0 http://id.loc.gov/authorities/subjects/sh2005004285 
700 1 |a Benso, Silvia,  |e editor.  |0 http://id.loc.gov/authorities/names/n88069014 
700 1 |a Calcagno, Antonio,  |d 1969-  |e editor.  |0 http://id.loc.gov/authorities/names/n97050252 
830 0 |a SUNY series in contemporary Italian philosophy.  |0 http://id.loc.gov/authorities/names/no2007042842 
945 |b 832708 
947 |a A14851612730 
948 |a cataloged  |b h  |c 2021/4/28  |d c  |e dmitchel  |f 2:30:20 pm 
994 |a 92  |b TXA 
999 f f |s 5ea291d8-6f10-30b4-82f9-4e57b8237624  |i 98e46202-d036-3924-a7a4-3a74393db9ba  |t 0 
952 f f |p normal  |a Texas A&M University  |b College Station  |c Sterling C. Evans Library  |d Evans: Library Stacks  |t 0  |e B3551 .O64 2021  |h Library of Congress classification  |i unmediated -- volume  |m A14851612730 
998 f f |a B3551 .O64 2021  |t 0  |l Evans: Library Stacks